000 00885nam a2200289 i 4500
003 EG-GICUC
005 20260507185420.0
008 260507s1960 It |||fr|||| 00| 0 eng d
040 _aEG-GiCUC
_beng
_cEG-GiCUC
_dEG-GiCUC
_erda
082 0 4 _221
_a343.6
_bRE . P
092 0 4 _221
099 _aLaw1 10 343.6 RE . P 1960
100 1 _aRagno, Giuseppe
_eAuthor.
245 1 0 _aPremeditazione E Vizio Parziale Di Mente /
_cGiuseppe Ragno.
264 1 _aMilano :
_bDott. A. Giuffrè,
_c1960.
300 _aViii - X, 237 pages;
_c24 cm.
336 _2rda content
_atext
337 _2rda media
_aComputer
338 _2rda carrier
_aOnline Resource
546 _aText in English
650 1 _aCriminologie
_2qrmak
650 1 _aCriminal Law
_2qrmak
651 1 _2qrmak
856 4 0 _uhttps://fll.law.cu.edu.eg/fulltext/bks/B10-11324.pdf
905 _a54
942 _2ddc
_cBK
_e21
_n0
999 _c76213
_d76213